| 000 | 01124nam a2200337Ia 4500 | ||
|---|---|---|---|
| 003 | OSt | ||
| 005 | 20220912145344.0 | ||
| 006 | a|||||r|||| 00| 0 | ||
| 007 | ta | ||
| 008 | 220909b |||||||| |||| 00| 0 eng d | ||
| 020 | _a0387452818 (hbd) | ||
| 024 | _a79099 | ||
| 037 | _b2148, 01/11/2007, Unilib Book Distributors | ||
| 037 | _cTextbook | ||
| 040 |
_aCSL _beng _cCSL |
||
| 041 | _aeng | ||
| 082 | _aB280b9S, P7 TOR | ||
| 100 | _aCooper William W | ||
| 245 | 0 | _aData envelopment analysis: A comprehensive text with models, applications, references and DEA-solver software | |
| 250 | _a2 | ||
| 260 |
_aNew York _bSpringer Science+Business Media _c2007 |
||
| 300 |
_axxiii, 490p. Includes CD-Rom _ccm. |
||
| 500 | _aAppendix A-C, 443-477p.; Index 479-490p. | ||
| 650 | _a Data models | ||
| 650 | _a DEA models | ||
| 650 | _aOperational Research | ||
| 700 | _a Seiford Lawrence M | ||
| 700 | _a Tone Kaoru | ||
| 942 |
_hB280b9S, P7 TOR _cTB _2CC |
||
| 999 |
_c29750 _d29750 |
||